Software engineering : (E-BOOK) (Record no. 217264)

000 -LEADER
fixed length control field 00656 a2200193 4500
003 - CONTROL NUMBER IDENTIFIER
control field Nust
005 - DATE AND TIME OF LATEST TRANSACTION
control field 20170207171536.0
020 ## - INTERNATIONAL STANDARD BOOK NUMBER
International Standard Book Number 0071240837
040 ## - CATALOGING SOURCE
Transcribing agency Nust
082 ## - DEWEY DECIMAL CLASSIFICATION NUMBER
Classification number 005.1
100 ## - MAIN ENTRY--PERSONAL NAME
Personal name Pressman, Roger S.
245 ## - TITLE STATEMENT
Title Software engineering : (E-BOOK)
Remainder of title a practitioner's approach
Statement of responsibility, etc. Roger S. Pressman
250 ## - EDITION STATEMENT
Edition statement 6th ed
260 ## - PUBLICATION, DISTRIBUTION, ETC.
Place of publication, distribution, etc. Boston, Mass
Name of publisher, distributor, etc. McGraw-Hill
Date of publication, distribution, etc. c2005.
300 ## - PHYSICAL DESCRIPTION
Extent xxxii, 880 p
500 ## - GENERAL NOTE
General note PART-1: The Software Process (Page-51), PART-2: Software Engineering Practice (Page-127), PART-3: Applying Web Engineering (Page-499), PART-4: Managing Software Projects (Page-627)
650 ## - SUBJECT ADDED ENTRY--TOPICAL TERM
Topical term or geographic name entry element Software engineering.
651 ## - SUBJECT ADDED ENTRY--GEOGRAPHIC NAME
Geographic name E-BOOK
942 ## - ADDED ENTRY ELEMENTS (KOHA)
Source of classification or shelving scheme
Koha item type Book
Holdings
Withdrawn status Lost status Source of classification or shelving scheme Damaged status Not for loan Collection code Permanent Location Current Location Date acquired Total Checkouts Full call number Barcode Date last seen Price effective from Koha item type
            Military College of Signals (MCS) Military College of Signals (MCS) 12/12/2016   005.1 PRE MCSEB-3461 12/08/2016 12/12/2016 Book
© 2023 Central Library, National University of Sciences and Technology. All Rights Reserved.